Teknologi pemasangan elektrik

Bibliographic Details
Main Author: Hj.Yahya Emat (Author)
Format: Book
Published: Selangor : IBS Buku Sdn Bhd 2014
Subjects:

MARC

LEADER 00000cam a2200000 7i4500
001 0000094509
005 20241120141657.0
008 240103 eng
020 |a 9789679502732 (  |q (paperback)) 
040 |e rda 
041 |a Malay 
090 0 0 |a 621.3   |b YAH 
100 1 |a Hj.Yahya Emat ,   |e (author) 
245 1 0 |a Teknologi pemasangan elektrik   |c Hj.Yahya Emat 
264 1 |a Selangor :   |b IBS Buku Sdn Bhd   |c 2014 
300 |a 255 pages :   |b color illustrations ;   |c 26 cm. 
336 |a text  |2 rdacontent 
337 |a unmediated  |2 rdamedia 
338 |a volume  |2 rdacarrier 
541 |c Purchased on 2024   |f 2049 RRS   |h RM61.00 
650 0 |a Electric power system 
650 0 |a Electric power transmission 
650 0 |a Electricity engineering 
730 0 |a Title 
999 |a 0001788294   |b Book   |c Adult Collection   |e Perbadanan Perpustakaan Awam Johor 
999 |a 0001788295   |b Book   |c Adult Collection   |e Cawangan Urban Transformation Centre 
999 |a 0001788296   |b Book   |c Adult Collection   |e Cawangan AEON Kulaijaya 
999 |a 0001788297   |b Book   |c Adult Collection   |e Cawangan Kota Tinggi 
999 |a 0001788298   |b Book   |c Adult Collection   |e Cawangan Bukit Gambir 
999 |a 0001788299   |b Book   |c Adult Collection   |e Cawangan Mersing 
999 |a 0001788300   |b Book   |c Adult Collection   |e Cawangan Tmn. Ungku Tun Aminah 
999 |a 0001788301   |b Book   |c Adult Collection   |e Perbadanan Perpustakaan Awam Johor 
999 |a 0001788302   |b Book   |c Adult Collection   |e Cawangan Taman Sri Lambak 
999 |a 0001788303   |b Book   |c Adult Collection   |e Cawangan Tangkak 
999 |a 0001788304   |b Book   |c Adult Collection   |e Perbadanan Perpustakaan Awam Johor 
999 |a 0001788305   |b Book   |c Adult Collection   |e Cawangan Segamat 
999 |a 0001788306   |b Book   |c Adult Collection   |e Perbadanan Perpustakaan Awam Johor 
999 |a 0001788307   |b Book   |c Adult Collection   |e Cawangan Muar 
999 |a 0001788308   |b Book   |c Adult Collection   |e Cawangan Pontian 
999 |a 0001788309   |b Book   |c Adult Collection   |e Cawangan Batu Pahat